[Event "ROM-ch sf U16"]
[Site "Eforie Nord"]
[Date "2001.??.??"]
[Round "?"]
[White "Dorobantu, Bogdan"]
[Black "Lacau Rodean, Lucian"]
[Result "1/2-1/2"]
[WhiteElo "1646"]
[BlackElo "1800"]
[PlyCount "115"]
[EventDate "2001.01.28"]
[EventType "swiss"]
[EventRounds "8"]
[EventCountry "ROU"]
[SourceTitle "EXT 2004"]
[Source "ChessBase"]
[SourceDate "2003.11.25"]
[SourceVersion "1"]
[SourceVersionDate "2003.11.25"]
[SourceQuality "1"]

1. c4 e5 2. Nc3 Nc6 3. g3 g6 4. Bg2 Bg7 5. d3 d6 6. e4 f5 7. f4 Nf6 8. Nf3 0-0 9. 0-0 Kh8 10. Rb1 Be6 11. Ng5 Bd7 12. fxe5 dxe5 13. b4 h6 14. Nf3 fxe4 15. dxe4 Bg4 16. Be3 Bxf3 17. Bxf3 Nd4 18. Bxd4 exd4 19. Nd5 c6 20. Nf4 Qe8 21. Qxd4 Nd5 22. Qf2 Nxf4 23. gxf4 Rd8 24. Qe2 Rxf4 25. Rbd1 Qf8 26. Rxd8 Qxd8 27. Kh1 Be5 28. Bg4 Qf6 29. Rxf4 Qxf4 30. b5 c5 31. Bc8 b6 32. Be6 Kg7 33. Bd5 Kf6 34. Kg1 Bd4+ 35. Kg2 Ke5 36. Qf3 g5 37. Qxf4+ Kxf4 38. Bc6 h5 39. h3 g4 40. hxg4 hxg4 41. Bd5 Be5 42. Kf2 g3+ 43. Kg2 Ke3 44. Bc6 Kd4 45. Bd5 Kc3 46. Kf3 Kb2 47. Kg2 Kxa2 48. Kf3 Kb3 49. Kg2 Kb4 50. Kf3 Ka5 51. Bb7 Kb4 52. Bd5 Kc3 53. Kg2 Kd2 54. Kf3 Ke1 55. Kg2 Ke2 56. Bc6 Kd3 57. Bd5 Ke3 58. Bc6 1/2-1/2